Österreichs EM-Kader 2024 - Statistiken

Allgemein
  • Dieses Quiz wurde 339 mal gespielt
  • Das Durchschnittsergebnis liegt bei 14 aus 27
Antwortstatistiken
Position Name % Korrekt
Sturm Marko Arnautović
85%
Mittelfeld Marcel Sabitzer
84%
Trainer Ralf Rangnick (GER)
76%
Mittelfeld Christoph Baumgartner
75%
Mittelfeld Konrad Laimer
74%
Sturm Michael Gregoritsch
72%
Abwehr Kevin Danso
71%
Torwart Patrick Pentz
69%
Abwehr Philipp Mwene
64%
Abwehr Stefan Posch
58%
Abwehr Maximilian Wöber
54%
Abwehr Philipp Lienhart
54%
Mittelfeld Florian Grillitsch
51%
Mittelfeld Nicolas Seiwald
51%
Abwehr Gernot Trauner
50%
Abwehr Patrick Wimmer
49%
Torwart Heinz Lindner
46%
Mittelfeld Alexander Prass
44%
Mittelfeld Romano Schmid
44%
Torwart Niklas Hedl
42%
Abwehr Leopold Querfeld
35%
Mittelfeld Marco Grüll
32%
Mittelfeld Matthias Seidl
29%
Sturm Maximilian Entrup
23%
Mittelfeld Florian Kainz
22%
Sturm Andreas Weimann
19%
Abwehr Flavius Daniliuc
19%
Keine übereinstimmenden Quizze gefunden
Verteilung der Resultate
Anzahl Personen mit jedem Resultat
Perzentil nach korrekt beantworteten Fragen
Ihre Resultats-Entwicklung
Sie haben dieses Quiz noch nicht gespielt